00730cam a2200253 45000010008000000030004000080050017000120080041000290100017000700150015000870200015001020400017001170500016001340820016001501000027001662450031001932600049002243000030002733500011003034900038003145040029003526500016003818100079003973628888OSt20220315142152.0740913s1973 enk b f000 0 eng  a 74179460  aGB74-13011 a0859540197 aDLCcHUdDLC00aSB209b.K3800a633/.4/09131 aKay, D. E.q(Daisy E.)10aRoot crops,cby D. E. Kay. aLondon,bTropical Products Institute,c1973. a[5], 245, xxxv p.c21 cm. a£1.501 aTPI crop and product digest no. 2 aIncludes bibliographies. 0aRoot crops.1 aLondon.bTropical Products Institute.tTPI crop and product digestvno. 2.